| 000 | 00722nam a2200229Ia 4500 | ||
|---|---|---|---|
| 001 | 15680 | ||
| 003 | GE_BSU | ||
| 008 | 181216s||||||||xx |||||||||||||| ||und|| | ||
| 040 | _cGE_BSU | ||
| 080 | _a82-93 | ||
| 100 | _aჩაჩიბაია, არჩილ | ||
| 245 | _aმწვერვალები | ||
| 245 | _bმოთხრობები | ||
| 245 | _cრედ.დ.ბენაშვილი. მხ.გ.დიკი | ||
| 260 | _aთბილისი | ||
| 260 | _bსაბლიტგამი | ||
| 260 | _c1953 | ||
| 300 | _a280გვ. : ილ., 1ფ. პორტრ. ; 22სმ | ||
| 653 | _aმოთხრობები | ||
| 653 | _aმწვერვალები | ||
| 942 | _cBK | ||
| 999 |
_c48779 _d48779 |
||